Essentials of Materials Science and Engineering (Record no. 341765)

MARC details
000 -LEADER
fixed length control field 00351nam a22001337a 4500
020 ## - INTERNATIONAL STANDARD BOOK NUMBER
International Standard Book Number 9788131502334
082 ## - DEWEY DECIMAL CLASSIFICATION NUMBER
Classification number 620.1.
Item number ASK/ES
100 ## - MAIN ENTRY--PERSONAL NAME
Personal name Askeland,Donald R.
9 (RLIN) 1050
100 ## - MAIN ENTRY--PERSONAL NAME
Personal name Pradeep P. Phule
9 (RLIN) 1051
245 ## - TITLE STATEMENT
Title Essentials of Materials Science and Engineering
260 ## - PUBLICATION, DISTRIBUTION, ETC. (IMPRINT)
Place of publication, distribution, etc. New Delhi
Name of publisher, distributor, etc. Cengage Learning
Date of publication, distribution, etc. 2004
300 ## - PHYSICAL DESCRIPTION
Extent 588
942 ## - ADDED ENTRY ELEMENTS (KOHA)
Koha item type Books (General)
Holdings
Withdrawn status Lost status Damaged status Not for loan Collection code Home library Current library Shelving location Date acquired Source of acquisition Cost, normal purchase price Total Checkouts Full call number Barcode Date last seen Price effective from Koha item type
          Kelappaji College of Agricultural Engineering & Technology Library, Tavanur Kelappaji College of Agricultural Engineering & Technology Library, Tavanur   20/07/2016 Arunima Book Distributors, TVPM 380.00   620.1. ASK/ES KAU_KCAEFT-24569 20/07/2016 20/07/2016 Books (General)
Kerala Agricultural University Central Library
Thrissur-(Dt.), Kerala Pin:- 680656, India
Ph : (+91)(487) 2372219
E-mail: librarian@kau.in
Website: http://library.kau.in/